Analog and Digital Communication Systems (Record no. 2633)

MARC details
000 -LEADER
Fixed length control field 00404nam a2200157 4500
003 - CONTROL NUMBER IDENTIFIER
Control field SEACOMEC
005 - DATE AND TIME OF LATEST TRANSACTION
Control field 20251111153132.0
008 - FIXED-LENGTH DATA ELEMENTS--GENERAL INFORMATION
Fixed length control field 251111b |||||||| |||| 00| 0 eng d
040 ## - CATALOGING SOURCE
Original cataloging agency SEACOMEC
082 ## - DEWEY DECIMAL CLASSIFICATION NUMBER
Classification number 621.382
Book Number R687
100 ## - MAIN ENTRY--PERSONAL NAME
Personal name Roden, Martin S
245 ## - TITLE STATEMENT
Title Analog and Digital Communication Systems
Statement of responsibility Martin S Roden
250 ## - EDITION STATEMENT
Edition statement 5th ed.
260 ## - IMPRINT
Place of publication Navi Mumbai
Name of publisher Shroff
Date of publication 2004
942 ## - ADDED ENTRY ELEMENTS (KOHA)
Koha item type Books
Holdings
Withdrawn status Lost status Source of classification Damaged status Not for loan Home library Current library Date acquired Total Checkouts Call number Accession number Date last seen Price effective from Koha item type Copy number Date checked out
    Dewey Decimal Classification     SEACOM ENGINEERING COLLEGE SEACOM ENGINEERING COLLEGE 11/11/2025   621.382 R687 1373 11/11/2025 11/11/2025 Reference Books    
    Dewey Decimal Classification     SEACOM ENGINEERING COLLEGE SEACOM ENGINEERING COLLEGE 11/11/2025   621.382 R687 1374 11/11/2025 11/11/2025 Books 1  
    Dewey Decimal Classification     SEACOM ENGINEERING COLLEGE SEACOM ENGINEERING COLLEGE 11/11/2025   621.382 R687 1375 11/11/2025 11/11/2025 Books 2  
    Dewey Decimal Classification     SEACOM ENGINEERING COLLEGE SEACOM ENGINEERING COLLEGE 11/11/2025   621.382 R687 1376 11/11/2025 11/11/2025 Books 3  
    Dewey Decimal Classification     SEACOM ENGINEERING COLLEGE SEACOM ENGINEERING COLLEGE 11/11/2025   621.382 R687 1377 11/11/2025 11/11/2025 Books 4  
    Dewey Decimal Classification     SEACOM ENGINEERING COLLEGE SEACOM ENGINEERING COLLEGE 11/11/2025   621.382 R687 1378 11/11/2025 11/11/2025 Books 5  
    Dewey Decimal Classification     SEACOM ENGINEERING COLLEGE SEACOM ENGINEERING COLLEGE 11/11/2025   621.382 R687 1379 11/11/2025 11/11/2025 Books 6  
    Dewey Decimal Classification     SEACOM ENGINEERING COLLEGE SEACOM ENGINEERING COLLEGE 11/11/2025   621.382 R687 1380 11/11/2025 11/11/2025 Books 7  
    Dewey Decimal Classification     SEACOM ENGINEERING COLLEGE SEACOM ENGINEERING COLLEGE 11/11/2025   621.382 R687 1381 11/11/2025 11/11/2025 Books 8  
    Dewey Decimal Classification     SEACOM ENGINEERING COLLEGE SEACOM ENGINEERING COLLEGE 11/11/2025 1 621.382 R687 1382 07/04/2026 11/11/2025 Books 9 11/11/2025
© Seacom Engineering College, All rights reserved.      Powered by Koha